000 00223nam a22000857a 4500
008 170203b xxu||||| |||| 00| 0 eng d
100 _92774
_aMehrotra.D.etal.
245 _aComputer Learning-8
260 _aNew Delhi
_bS. chand
_c2010
999 _c5966
_d5966